00423nam a2200169Ia 4500003000400000005001700004008004100021020001800062050002600080100001500106245004300121260003500164300003300199440000600232521000700238526000800245OSt20140311163142.0140130s9999 xx 000 0 und d a9780717285778 aBJ 1631b.B436Bm 2005 aBerry, Joy aA book about being messy /cJoy Berry. bScholastic,c2005.aNew York : a20 p. :bcol. ill. ;c18 cm. v1 aG2 c300